| 000 | 01582nam a2200337 i 4500 | ||
|---|---|---|---|
| 003 | EG-ScBUE | ||
| 005 | 20231008093311.0 | ||
| 008 | 170727s1996 ua a f 000 0 ara d | ||
| 040 |
_aEG-ScBUE _bara _erda _cEG-ScBUE _dEG-ScBUE |
||
| 041 | 1 |
_aara _hfre |
|
| 043 |
_af-ua--- _af-sj--- |
||
| 082 | 0 | 4 |
_a916.24043 _bق ب و _222 |
| 100 | 1 |
_aقبودان، سليم، _eمؤلف. |
|
| 245 | 1 | 2 |
_aالرحلة الأولى للبحث عن ينابيع البحر الأبيض (النيل الأبيض) : _bالصادر بها أمر ساكن الجنان محمد على والي مصر بقيادة ربان الفرقاطة البكباشي سليم قبودان / _cسليم قبودان، جومار ؛ نقلها إلى اللغة العربية محمد مسعود. |
| 250 | _aالطبعة الثانية. | ||
| 264 | 1 |
_aالقاهرة : _bمكتبة مدبولي، _c1996. |
|
| 300 |
_a89 صفحة : _bجداول ؛ _c24 سم. |
||
| 336 |
_2rdacontent _aنص _btxt |
||
| 337 |
_2rdamedia _aبدون وسيط _bn |
||
| 338 |
_2rdacarrier _aمجلد _bnc |
||
| 490 | 0 |
_aصفحات من تاريخ مصر ؛ _v21 |
|
| 546 | _aالنص مترجم إلى اللغة العربية. | ||
| 651 | 7 |
_aمصر _xتاريخ _yمحمد علي، 1805-1849. _2BUEsh |
|
| 651 | 7 |
_aالسودان _xوصف ورحلات _zمصر. _2BUEsh |
|
| 651 | 7 |
_aالنيل الأبيض (السودان) _xوصف ورحلات. _2BUEsh |
|
| 653 |
_bGGEN _bBUSBOL _cJuly2017 |
||
| 655 | _vReading book | ||
| 700 | 1 |
_aمسعود، محمد، _eمترجم. |
|
| 700 | 1 |
_aجومار، _d1777-1862. |
|
| 942 | _2ddc | ||
| 999 |
_c25080 _d25052 |
||